000 00355nam a2200157Ia 4500
003 0STCL
008 150530s9999 xx 000 0 und d
040 _aSTCL
_cSTCL
100 _aGupta, S.L.; Kumar,V.
245 _aSolid state physics
260 _bK.Nath
_c1986
546 _aEnglish
942 _2ddc
_cBK
999 _c27749
_d27749
005 20220125170115.0